BIBLIOTECA

SENCICO

Tesauro Itintec / (Registro nro. 110)

Detalles MARC
000 -LEADER
fixed length control field 00626nam a2200217Ia 4500
003 - CONTROL NUMBER IDENTIFIER
control field PE SENCICO BE
005 - DATE AND TIME OF LATEST TRANSACTION
control field 20251020182426.0
008 - FIXED-LENGTH DATA ELEMENTS--GENERAL INFORMATION
fixed length control field 200515s9999 xx 000 0 und d
040 ## - CATALOGING SOURCE
Original cataloging agency PE SENCICO BE
Transcribing agency PE SENCICO BE
041 ## - LANGUAGE CODE
Language code of text/sound track or separate title spa
082 ## - DEWEY DECIMAL CLASSIFICATION NUMBER
Classification number R 025.48
Item number I5
245 #0 - TITLE STATEMENT
Title Tesauro Itintec /
Statement of responsibility, etc. Itintec
246 ## - VARYING FORM OF TITLE
Title proper/short title Tesauro de terminología técnica
260 ## - PUBLICATION, DISTRIBUTION, ETC.
Place of publication, distribution, etc. Lima :
Name of publisher, distributor, etc. Itintec,
Date of publication, distribution, etc. 1976
300 ## - PHYSICAL DESCRIPTION
Extent 276 p.
650 10 - SUBJECT ADDED ENTRY--TOPICAL TERM
Topical term or geographic name entry element Tesauros
9 (RLIN) 2252
650 20 - SUBJECT ADDED ENTRY--TOPICAL TERM
Topical term or geographic name entry element Ciencia
9 (RLIN) 2257
650 20 - SUBJECT ADDED ENTRY--TOPICAL TERM
Topical term or geographic name entry element Tecnología
9 (RLIN) 840
710 1# - ADDED ENTRY--CORPORATE NAME
9 (RLIN) 2256
Corporate name or jurisdiction name as entry element Instituto de Investigación Tecnológica Industrial y de Normas Técnicas
942 ## - ADDED ENTRY ELEMENTS (KOHA)
Koha item type Libros
Source of classification or shelving scheme Dewey Decimal Classification
Existencias
Fecha de la última vez que lo usaron Número de ingreso o de inventario Pago total Signatura topográfica completa Código de barras Precio efectivo desde Tipo de documento Estado perdido Sistema de clasificación Estado dañado No es para préstamo Retirado Ubicación permanente Ubicación actual Fecha de adquisición
15/05/2020 801   R/025.48/I5 BibLima24060010 15/05/2020 Libros   Dewey Decimal Classification       Biblioteca Central Lima Biblioteca Central Lima 15/05/2020